000 01287nam2a22002771 4500
001 v19\rc\1573281
005 20250618205513.0
035 _a(NLR Aleph) 004701930
090 _a4079803
_c4079803
100 _a20061002d1910 |||y0rusy50 ca
101 0 _arus
102 _aRU
105 _ay z |||||
200 0 _aза 17-й и 18-й годы...
_eЯнв. 1907 - янв. 1909
210 _d1910
_aБ. м.
215 _a47 с.
300 _aНа тит. л. ошибочно: Янв. 1907 - янв. 1908
461 0 _1001v19\rc\1573265
_12001#$aОтчет Физико-математического общества при Императорском Казанском университете...$vза 17-й и 18-й годы...
_94079589
_aФизико-математическое общество (Казань, до 1917 г.)
_cКазань
_d1892-1916
_tОтчет Физико-математического общества при Императорском Казанском университете...
_vза 17-й и 18-й годы...
801 0 _aRU
_bNLR
_gpsbo
801 0 _aRU
_bRuMoRGB
_2psbo
801 1 _aRU
_bProSoft-M
_2rusmarc
852 _aNLR
_j18.188.5.134
899 _aRuMoRGB (1890-1916*)
_jA 199/211
899 _aБАН (1892-1915*)
942 _cBOOK
980 _aNB